| 000 | 00608nam a22001937a 4500 | ||
|---|---|---|---|
| 999 |
_c15276 _d15276 |
||
| 003 | AR-CdUCM | ||
| 008 | 190426b ||||| |||| 00| 0 spa d | ||
| 020 | _a84-372-1324-X | ||
| 040 |
_aMUNICIPALIDAD PROVINCIAL DEL CUSCO _cBIBLIOTECA MUNICIPAL DEL CUSCO |
||
| 082 |
_aES / 769.33 / _bSO72 |
||
| 245 |
_aY yo soy un estadio : _bPrimera biblioteca Altea / |
||
| 260 |
_aMadrid : _bOrg. Grafica, _c1980. |
||
| 300 |
_bIlustraciones, graficos, dinujo _c24 cm. |
||
| 500 | _aCuentos e historias | ||
| 650 |
_aCuentos _9312 |
||
| 650 |
_aHistorias _92725 |
||
| 942 |
_2ddc _cLIBROS |
||
| 945 |
_apjha _d2019-04-26 |
||